Public finance in theory and practice / (Record no. 11492)

MARC details
000 -LEADER
fixed length control field 00961cam a22003015a 4500
001 - CONTROL NUMBER
control field 2909947
005 - DATE AND TIME OF LATEST TRANSACTION
control field 20170423111310.0
008 - FIXED-LENGTH DATA ELEMENTS--GENERAL INFORMATION
fixed length control field 880630s1989 nyua b 001 0 eng
010 ## - LIBRARY OF CONGRESS CONTROL NUMBER
LC control number 88013317
020 ## - INTERNATIONAL STANDARD BOOK NUMBER
International Standard Book Number 0070441278
020 ## - INTERNATIONAL STANDARD BOOK NUMBER
International Standard Book Number 0070441286 (pbk.)
040 ## - CATALOGING SOURCE
Original cataloging agency DLC
Language of cataloging eng
Transcribing agency DLC
Modifying agency DLC
-- EG-ScBUE
043 ## - GEOGRAPHIC AREA CODE
Geographic area code n-us---
082 04 - DEWEY DECIMAL CLASSIFICATION NUMBER
Classification number 336.73
Item number MUS
Edition number 22
100 1# - MAIN ENTRY--PERSONAL NAME
Personal name Musgrave, Richard A.
Fuller form of name (Richard Abel),
Dates associated with a name 1910-2007.
9 (RLIN) 4566
245 10 - TITLE STATEMENT
Title Public finance in theory and practice /
Statement of responsibility, etc Richard A. Musgrave, Peggy B. Musgrave.
250 ## - EDITION STATEMENT
Edition statement 5th ed.
260 ## - PUBLICATION, DISTRIBUTION, ETC. (IMPRINT)
Place of publication, distribution, etc New York :
Name of publisher, distributor, etc McGraw-Hill Book Co.,
Date of publication, distribution, etc c1989.
300 ## - PHYSICAL DESCRIPTION
Extent xvi, 627 p. :
Other physical details ill. ;
Dimensions 25 cm.
500 ## - GENERAL NOTE
General note Includes Index.
504 ## - BIBLIOGRAPHY, ETC. NOTE
Bibliography, etc Includes bibliographical references and index.
650 #7 - SUBJECT ADDED ENTRY--TOPICAL TERM
Topical term or geographic name as entry element Finance, Public
Geographic subdivision United States.
9 (RLIN) 4567
Source of heading or term BUEsh
651 ## - SUBJECT ADDED ENTRY--GEOGRAPHIC NAME
Source of heading or term BUEsh
653 ## - INDEX TERM--UNCONTROLLED
Resource For college BAEPS, Business Administration
700 1# - ADDED ENTRY--PERSONAL NAME
Personal name Musgrave, Peggy B.
9 (RLIN) 4568
942 ## - ADDED ENTRY ELEMENTS (KOHA)
Source of classification or shelving scheme Dewey Decimal Classification
Item type Book - Borrowing
Holdings
Withdrawn status Item status Source of classification or shelving scheme Materials specified (bound volume or other part) Damaged status Not for loan Home library Current library Shelving location Date acquired Source of acquisition Total Checkouts Total Renewals Full call number Barcode Date last seen Date last borrowed Koha item type Vendor Cost, normal purchase price
    Dewey Decimal Classification BOX05 Damaged   Central Library Central Library First floor 24/07/2007 Purchase 6 13 336.73 MUS 000031553 17/09/2018 07/05/2017 Book - Borrowing    
    Dewey Decimal Classification       Central Library Central Library First floor 05/05/2009   8 31 336.73 MUS 000030112 15/07/2025 04/05/2019 Book - Borrowing Alahram 94.60